Facilities and plant engineering handbook /

Guardado en:
Otros Autores: Lewis, Bernard T., (Editor , ed.), Marron, James P., (Editor , ed.)
Formato: Libro
Idioma:English
Publicado: New York : McGraw-Hill, c1973.
Series:McGraw-Hill handbooks
Materias:
Etiquetas: Agregar Etiqueta
Sin Etiquetas, Sea el primero en etiquetar este registro!
LEADER 00858cam a22002295a 4500
001 EIQ.libpla001788
008 730830s1973####nyuao####bf###001#0#eng#d
005 20080926184848.0
245 0 0 |a Facilities and plant engineering handbook /  |c edited by Bernard T. Lewis and J. P. Marron. 
260 |a New York :  |b McGraw-Hill,  |c c1973. 
300 |a 1 v. (en varias paginaciones) :  |b il., fotos ;  |c 23 cm. 
490 0 |a McGraw-Hill handbooks 
504 |a Incluye referencias bibliográficas e índice. 
020 |a 0070375607 
700 1 |a Lewis, Bernard T.,  |e ed.  |4 edt 
700 1 |a Marron, James P.,  |e ed.  |4 edt 
082 0 0 |a 658.2 
650 4 |a Fábricas de productos químicos  |x Handbooks, manuales, etc. 
650 4 |a Chemical plants  |x Handbooks, manuals, etc. 
010 |a  73015565  
040 |a DLC  |c DLC  |d AR-BbSID 
859 |a AR-BbSID  |b BIB. PLAPIQUI  |h 658.2  |i F 119  |p 891